Design kolekce dámské a pánské společenské obuvi, inspirovaný linií v architektuře se zaměřením na dílo Santiaga Calatravy

Saved in:
Bibliographic Details
Main Author Beranovská, Nela (Dissertant)
Other Authors Zamazal, Jan (Thesis advisor)
Format Manuscript Book
LanguageCzech
Published 2011
Subjects
Online AccessPlný text v Digitální knihovně UTB
Physical Description43s (26 382 zanků)

Cover

LEADER 00000ntm a22000007u 4500
001 zp20180
041 |a cze 
100 1 |a Beranovská, Nela  |4 dis 
245 1 0 |a Design kolekce dámské a pánské společenské obuvi, inspirovaný linií v architektuře se zaměřením na dílo Santiaga Calatravy 
246 |a Designer Collections of Ladies' and Men's Shoes, Inspired by Lines in Architecture, Inspired by the Work of Santiago Calatrava 
260 |c 2011 
300 |a 43s (26 382 zanků) 
500 |a Studijní obor: Multimedia a design - Design obuvi 
500 |a Studijní obor: Multimedia and Design - Footwear Design 
500 |a Ústav: Ústav designu oděvu a obuvi 
500 |a Univerzita Tomáše Bati ve Zlíně. Fakulta multimediálních komunikací 
500 |a Tomas Bata University in Zlín. Faculty of Multimedia Communications 
506 |a Bez omezení 
653 |a Klíčová slova: architektura 
653 |a příroda 
653 |a lidské tělo 
653 |a móda 
653 |a design 
653 |a čisté linie 
653 |a vzdušnost 
653 |a Keywords: architecture 
653 |a nature 
653 |a human body 
653 |a fashion 
653 |a design 
653 |a clean lines 
653 |a airy 
655 4 |a bakalářská práce 
700 1 |a Zamazal, Jan  |4 ths 
710 2 |a Univerzita Tomáše Bati ve Zlíně. Fakulta multimediálních komunikací  |4 dgg 
710 2 |a Tomas Bata University in Zlín. Faculty of Multimedia Communications  |4 dgg 
856 4 0 |u http://hdl.handle.net/10563/17393  |y Plný text v Digitální knihovně UTB